00612 a2200181 450000100060000002000180000604000240002410000300004824000390007824500340011730000070015136200090015865000310016794200070019895201040020595201040030999900170041369197 a9788572085281 cAnchieta - Itaigara aAlenquer, Fabiana Fortini10aUma casa cheia de mistérioslpor10aUma casa cheia de mistérios a310 a2007 4aLiteratura infanto-juvenil cBK 00104070a88.1b88.1d2023-11-21l0o028.5 ALE CASp1272/ITAr2023-11-21 20:03:39w2023-11-21yBK 00104070a88.1b88.1d2023-11-21l0o028.5 ALE CASp5071/ITAr2023-11-21 20:03:39w2023-11-21yBK c69197d69197